| 000 | 00981nam a2200313 a 4500 | ||
|---|---|---|---|
| 001 | 000111475 | ||
| 003 | CHAP | ||
| 005 | 20220329144212.0 | ||
| 008 | 150511s2014 it bdj |r| ||||||eng d | ||
| 010 | _a107937 | ||
| 011 | _a108909 | ||
| 040 | _cCHAP | ||
| 082 | 0 | 4 |
_a338.14 _bF213 |
| 245 | 0 | 0 |
_aContract farming for inclusive market access / _ceditado por Carlos A. da Silva and Marlo Rankin. |
| 260 |
_aRoma : _bFAO, _cc2014. |
||
| 300 |
_axiii, 217 p. : _bdiagrs., gráfs., maps., tabs.,. |
||
| 504 | _aIncluye referencias bibliográficas | ||
| 590 |
_aE11695DGD _b10 _c20150512 _lUCH01 _h0901 |
||
| 590 |
_aE11695DGD _b10 _c20150512 _lUCH01 _h0901 |
||
| 590 |
_aE5995AHE _b05 _c20150511 _lUCH01 _h1443 |
||
| 650 | 1 | 4 |
_aContratos. _927452 |
| 650 | 1 | 4 |
_aDesarrollo rural. _932067 |
| 650 | 1 | 4 |
_aProductos agrícolas _xMercadeo. _991951 |
| 700 | 1 |
_aDa Silva, Carlos A. _eed. _930854 |
|
| 700 | 1 |
_aRankin, Marcelo _eed. _9129352 |
|
| 901 | _aBK | ||
| 942 | _cLIBRO | ||
| 942 | _n0 | ||
| 999 |
_c107937 _d107937 |
||